000 01505cam a2200385 a 4500
001 12115598
003 OSt
005 20240917111632.0
008 000721s2000 enka b 001 0 eng d
010 _a 00698328
015 _aGB99-Y5997
020 _a0521665620
035 _a(OCoLC)ocm41018895
040 _aUKM
_cMUST
_dDDC
042 _alccopycat
050 0 0 _aRC566
_b.S36 2000
082 0 0 _a09/31963
100 1 _aSeivewright, Nicholas.
_919135
245 1 0 _aCommunity treatment of drug misuse :
_bmore than methadone /
_cNicholas Seivewright.
260 _aCambridge :
_bCambridge University Press,
_c2000.
300 _axvi, 243 p. :
_bill. ;
_c24 cm.
500 _aAppendix, Glossary
504 _aIncludes bibliographical references (p. 219-240) and index.
600 _2Drug misuse
650 0 _aDrug addiction
_xTreatment.
_919136
650 0 _aDrug abuse
_xTreatment.
_919137
650 0 _aMethadone maintenance.
_919138
650 0 _aDrug addicts
_xServices for.
_919139
856 4 1 _3Sample text
_uhttp://www.loc.gov/catdir/samples/cam031/00698328.html
856 4 2 _3Publisher description
_uhttp://www.loc.gov/catdir/description/cam021/00698328.html
856 4 1 _3Table of contents
_uhttp://www.loc.gov/catdir/toc/cam026/00698328.html
906 _a7
_bcbc
_ccopycat
_d2
_encip
_f20
_gy-gencatlg
942 _2ddc
_cBOOK
999 _c9377
_d9377